A COGNITIVE PSYCHOLOGY OF MASS COMMUNICATION/ (Record no. 9861)
[ view plain ]
| 000 -LEADER | |
|---|---|
| fixed length control field | 00488nam a22001577a 4500 |
| 003 - CONTROL NUMBER IDENTIFIER | |
| control field | OSt |
| 005 - DATE AND TIME OF LATEST TRANSACTION | |
| control field | 20251202101837.0 |
| 008 - FIXED-LENGTH DATA ELEMENTS--GENERAL INFORMATION | |
| fixed length control field | 251202b |||||||| |||| 00| 0 eng d |
| 020 ## - INTERNATIONAL STANDARD BOOK NUMBER | |
| International Standard Book Number | 080583088 |
| 040 ## - CATALOGING SOURCE | |
| Transcribing agency | LAWRENCE ERLBAUM ASSOCIATES PUBLISHER |
| 050 ## - LIBRARY OF CONGRESS CALL NUMBER | |
| Classification number | P 96 .H37 1999 |
| Item number | .H37 1999 |
| 245 ## - TITLE STATEMENT | |
| Title | A COGNITIVE PSYCHOLOGY OF MASS COMMUNICATION/ |
| Statement of responsibility, etc. | HARRIS, RICHARD JACKSON |
| 250 ## - EDITION STATEMENT | |
| Edition statement | 3RD EDITION |
| 260 ## - PUBLICATION, DISTRIBUTION, ETC. | |
| Place of publication, distribution, etc. | LONDON: |
| Name of publisher, distributor, etc. | LAWRENCE ERLBAUM ASSOCIATES ,PUBLISHERS, |
| Date of publication, distribution, etc. | 1999 |
| 942 ## - ADDED ENTRY ELEMENTS (KOHA) | |
| Source of classification or shelving scheme | Library of Congress Classification |
| Koha item type | Books |
| Suppress in OPAC | No |
| Withdrawn status | Lost status | Source of classification or shelving scheme | Damaged status | Not for loan | Home library | Current library | Date acquired | Total checkouts | Barcode | Date last seen | Price effective from | Koha item type |
|---|---|---|---|---|---|---|---|---|---|---|---|---|
| Library of Congress Classification | PIU Library | PIU Library | 12/02/2025 | PIUDL888 | 12/02/2025 | 12/02/2025 | Books |